000 01568nam a2200349Ia 4500
001 ebr10380839
003 CaPaEBR
006 m u
007 cr cn|||||||||
008 061002s2006 dcua sb i000 0 eng d
040 _aCaPaEBR
_cCaPaEBR
035 _a(OCoLC)694141130
050 1 4 _aHG1072
_b.O56 2006eb
100 1 _aOomes, Nienke.
245 1 4 _aThe utilization-adjusted output gap
_h[electronic resource] :
_bis the Russian economy overheating? /
_cNienke Oomes and Oksana Dynnikova.
260 _a[Washington, D.C.] :
_bInternational Monetary Fund, European Dept. and Policy Development and Review Dept.,
_cc2006.
300 _a44 p. :
_bill.
490 1 _aIMF working paper ;
_vWP/06/68
500 _a"March 2006."
504 _aIncludes bibliographical references.
533 _aElectronic reproduction.
_bPalo Alto, Calif. :
_cebrary,
_d2011.
_nAvailable via World Wide Web.
_nAccess may be limited to ebrary affiliated libraries.
650 0 _aInflation (Finance)
_zRussia
_xEconometric models.
650 0 _aInput-output analysis
_zRussia
_xEconometric models.
650 0 _aPhillips curve
_xEconometric models.
655 7 _aElectronic books.
_2local
700 1 _aDynnikova, Oksana.
710 2 _aInternational Monetary Fund.
_bEuropean Dept.
710 2 _aInternational Monetary Fund.
_bPolicy Development and Review Dept.
710 2 _aebrary, Inc.
830 0 _aIMF working paper ;
_vWP/06/68.
856 4 0 _uhttp://site.ebrary.com/lib/rucke/Doc?id=10380839
_zAn electronic book accessible through the World Wide Web; click to view
999 _c207053
_d207053